01014nam a2200253Ia 4500001001200000003000800012006001900020007001500039008004100054020001500095040002100110035002000131050002800151100002000179245009900199260004800298300002300346533015200369630003000521650003700551655002900588710001700617856012600634ebr10073589CaPaEBRm u cr cn|||||||||040629s2005 maua s 000 0 eng d z1592004377 aCaPaEBRcCaPaEBR a(OCoLC)7077374814aTR267.5.A33bB87 2005eb1 aBusch, David D.10aAdobe photoshop elements 3.0h[electronic resource] :bphotographers' guide /cDavid D. Busch. aBoston, MA :bCourse Technology PTR,c2005. axv, 294 p. :bill. aElectronic reproduction.bPalo Alto, Calif. :cebrary,d2009.nAvailable via World Wide Web.nAccess may be limited to ebrary affiliated libraries.00aAdobe Photoshop elements. 0aPhotographyxDigital techniques. 7aElectronic books.2local2 aebrary, Inc.40uhttp://site.ebrary.com/lib/rucke/Doc?id=10073589zAn electronic book accessible through the World Wide Web; click to view